000
00254nam a2200085Ia 4500
008
160617s9999 xx 000 0 und d
245
_a
Journal of Medical Engineering
650
_a
MEDICAL TECHNOLOGY
856
_u
http://www.hindawi.com/journals/jme/contents/
999
_c
295968
_d
295968